000 00561nam a2200205 a 4500
001 5953
003 CDMR
005 20131008140610.0
008 130220s2001||||||||||||||||||||||||||||d
020 _a8495616092
040 _aCDMR
_bcat
_cCDMR
100 1 _aEspinàs, Josep Maria
_92
245 1 0 _aTemps afegit
_cJosep M. Espinàs
_b: [com un autoretrat]
260 _aBarcelona
_bLa Campana
_c2001
300 _a97 p ;
_c15 cm
490 0 _aCampànules
_v2
490 0 _aLiteratura
_v192
600 1 _92
_aEspinàs, Josep Maria
_vRecull d'escrits
942 _cMON
_2udc
999 _c5953
_d5953